Pays d'Afrique enclavés - Mort subite - Statistiques

Statistiques générales
  • Ce quiz a été pris 179 fois
  • Le résultat moyen est 8 sur 15
Answers on the Grid
Answers color-coded by a green-red scale on the quiz's grid according to % correct below.
Botswana
Burkina Faso
Burundi
Eswatini
Ethiopie
Lesotho
Malawi
Mali
Niger
Centrafrique
Rwanda
Tchad
Soudan du Sud
Zambie
Zimbabwe
Trinité et Tobago
Cap-Vert
Sénégal
Cameroun
Gabon
Guinée équatoriale
Guinée
Kiribati
Kenya
Djibouti
Erythrée
Soudan
Dominique
Mozambique
Bolivie
 
Statistiques - réponses
Réponse % Correct
Lesotho
67%
Centrafrique
66%
Burkina Faso
62%
Eswatini
61%
Tchad
60%
Mali
59%
Rwanda
59%
Niger
57%
Burundi
56%
Malawi
55%
Botswana
53%
Soudan du Sud
50%
Zambie
50%
Zimbabwe
48%
Ethiopie
42%
Aucun quiz correspondant
Distribution des résultats
% des personnes avec chaque résultat
Percentile par nombre de réponses
Votre historique - résultats
Vous n’avez pas pris ce quiz